000 01506nam0a2200241 4500
001 RU\NLR\BIBL_A\011316276
005 20260407071656.0
035 _a(NLR Aleph) 011316276
090 _a11050928
_c11050928
100 _a20170126d1955 m y0rusy50 ca
101 0 _asah
102 _aRU
105 _ay z 000 y
200 1 _aПромышленнаһы салгыы ѳрѳ кѳтѳҕѳр, техниканы сайы ннарар уонна производстваны тэрийиини тупсарар соруктар тустарынан
_eССКП КК Пленума 1955 сыл от ыйын 11 күнүгэр таб. Н. А. Булганин дакылаатыгар ылыммыт уурааҕа
210 _aЯкутскай
_cСаха сиринээҕи кинигэ изд-вота
_d1955
215 _a27,[2] с.
_d20
541 1 _aО задачах по задачах по дальнейшему подъёму промышленноти, техничскому прогрессу и улучшению организации производства
_eпостановление Пленума ЦК КПСС, принятое 11 июля 1955 года по докладу тов. Н. А. Булганина
_zrus
686 1 _aФ61(2)431
702 1 _4100
_7ca
_8rus
_aБулганин
_bН. А.
_f1895-1975
_gНиколай Александрович
_3RU\NLR\AUTH\770288850
_92693404
852 _aNLR
_bОНЛ
_jЯкут./2-709
942 _cBOOK
980 _aNB